LDR 01271naa#a2200217#i#450# 001 RU\\bibl\19317 005 20260418192337.6 100 ## _a20260417b2026####ek#y0rusy0150####ca 102 ## _aRU 200 1# _aИНТЕГРАЦИЯ АСУ НА АВАРИЙНОМ УЧАСТКЕ ДОРОГИ _eСтатья/тезисы конференции 210 1# _aВоронеж _cВоронежский государственный лесотехнический университет имени Г.Ф. Морозова _d2026 215 ## _a7 с. 608 ## _aСтатья/тезисы конференции _2local 675 ## _a(Автомобили. Автомобилестроение). 629.113 _aОсновной капитал. Основные средства. Основные фонды. Капиталовложения. Иммобилизация. Использование денежных средств. 658.152 _z 700 #1 _aЯровенко _gА. А. 700 #1 _aЗакурдаева _gК. А. 700 #1 _aВнукова _gСветлана Владимировна 700 #1 _aЧерников _gЭдуард Анатольевич 700 #1 _aРазгоняева _gВ. В. 700 #1 _aСподарев _gРуслан Александрович 856 4# _abibl.vgltu.ru _u